[Event "Moscow Tal Memorial 6th"]
[Site "Moscow"]
[Date "2011.11.25"]
[Round "9"]
[White "Svidler, Peter"]
[Black "Kramnik, Vladimir"]
[Result "1-0"]
[WhiteElo "2755"]
[BlackElo "2800"]
[Annotator "Ramirez Alvarez,A"]
[PlyCount "81"]
[EventDate "2011.11.16"]
[EventType "tourn"]
[EventRounds "9"]
[EventCountry "RUS"]
[EventCategory "22"]
[SourceTitle "CBM 146"]
[Source "ChessBase"]
[SourceDate "2012.01.18"]
[SourceVersion "1"]
[SourceVersionDate "2012.01.18"]
[SourceQuality "1"]
[TimeControl "6000+30"]

1. Nf3 d5 2. c4 e6 3. g3 dxc4 4. Qa4+ Nd7 5. Bg2 a6 6. Qxc4 b5 7. Qb3 (7. Qc2 {
is far more common. The entire line is not supposed to be terribly dangerous
for Black, who will achieve a quick c5 and supposedly equalise. White doesn't
score very well after 7.Qc2}) 7... Bb7 8. O-O Ngf6 9. Nc3 Be7 10. d3 O-O 11. a4
b4 12. Nb1 {Black can't really complain about the result of the opening. His
pieces are active, and although he has a few holes his activity should
compensate for it.} Nc5 13. Qc2 e5 $5 {And the tactics begin. It was also
possible to simply play 14...Rb8 and hold the position, but I guess Kramnik
felt a certain bloodthirstiness.} (13... Rb8 14. Nbd2 b3 $11 {and Black's
position looks good.}) 14. Be3 (14. Nxe5 $2 Bxg2 15. Kxg2 Qd5+ 16. Nf3 Nb3 $19)
14... e4 {Forced, really.} (14... Nfd7 15. Nbd2 {[%csl Rb4,Gc4,Re5][%cal Gd2c4,
Gf1c1,Yc1c7] would hardly justify so many weaknesses.}) 15. Bxc5 Bxc5 (15...
exf3 16. Bxe7 Qxe7 17. exf3 Rad8 $14 {gives Black some compensation for the
pawn but I doubt it's something to be seriously considered.}) 16. dxe4 Nxe4 17.
Nfd2 (17. Nbd2 {probably would've forced Black into transposing into the note
below.}) 17... Bxf2+ $5 (17... Nxd2 18. Nxd2 Bxg2 19. Kxg2 Re8 {was still
relatively ok for Black, but the simplifications have allowed White to
basically retain a superior structure and Black will suffer for a while.
Kramnik had no such intentions.}) 18. Rxf2 Nxf2 19. Bxb7 Ng4 20. Nf3 Rb8 {
So in this position Black is down two pieces for a rook and a pawn, but he is
hoping his initiative, combined with the weak squares around the white king,
will provide compensation. Svidler, however, starts defending masterfully.} 21.
Bxa6 (21. Be4 f5 22. Bd3 Qf6 $13 {/\Qb6}) 21... Qf6 22. Bd3 Qb6+ 23. Kh1 Nf2+ (
23... Rfe8 24. a5 Qf2 25. Qc1 (25. Nbd2 Ne3 $19 {[%cal Re3c2,Re3g2]}) 25...
Rxe2 26. Bxe2 Qxe2 27. Nbd2 {is another draw with the Nf2-h3 perpetual.}) 24.
Kg2 Nxd3 {Trading the N for the B is risky. In many cases Black could always
rely on invading on the 2nd rank and giving a perpetual with the N, as we saw
in some variations. However, without this resource, Black is entirely relying
on the lack of activity of the white Ns, and the vulnerable position of the
king, especially of the invasion point e2. If this is somehow patched up, the
extra material and the passed pawn on the a-file will simply overwhelm Black.}
(24... Ng4 {Repeating moves was possible, as it seems that White can't get out
of it.} 25. Kh1 {is perfectly possible if White is satisfied with a draw.} (25.
Qc1 {is like the only other move that is logical to thwart the Ne3+ threat.}
Rbd8 $1 26. Nbd2 Rxd3 27. exd3 Re8 {Black has a seemingly very powerful attack,
since there is no good way of meeting Re2+, however it seems like there is no
immediate deadly threat either.} 28. a5 Re2+ 29. Kh1 Nf2+ 30. Kg1 Qe3 31. Qxc7
$11 {and there seems to be no checkmate, just a perpetual. However I highly
doubt any human would willingly go into this line instead of just playing 25.
Kh1.})) 25. exd3 Rfe8 {Black has lost yet a little more material, but this
time White's position actually looks very dangerous. For starters, he can't
develop his queenside, which seems to allow Black a huge initiative, however
Svidler has an ace up his sleeve.} 26. a5 $1 {This passed pawn will be the key
of White's defence. By ramming it forward, he intends to tie down the black
rooks, allowing him to comfortably develop and eventually exploit his material
advantage.} Qf6 27. Qf2 (27. Kf2 $1 {covering e2 with the K was an interesting
alternative, as this immediately threatens Nbd2.} Rb5 (27... g5 $5 28. g4 h5
29. h3 {surprisingly doesn't help Black.} hxg4 30. hxg4 Qe6 31. Nbd2 $1 Qe2+
32. Kg1 Qe3+ 33. Kg2 Qe2+ 34. Kg3 Re3 35. Rf1 $16 {and White holds, Black will
be pushed back rather soon.}) 28. Nbd2 Rf5 29. a6 Qb6+ 30. Kf1 $14 {and
without a way of creating direct threats, it would seem that White is just
better.}) 27... Rbd8 28. Ra4 c5 (28... Rxd3 29. Rxb4 {Kramnik might have been
reluctant to go into this line because it gives White the extra possibility of
Nc3, which covers pretty vital squares, however the game is opened which
favours the rooks and the a5-pawn falls, which is the key.} Qa6 30. Nc3 (30.
Ra4 $2 Rde3 $17) 30... Qxa5 $11 {with enough for at least equality, but it is
doubtful that there ismuch more than that.}) 29. a6 Rxd3 30. a7 Qc6 {Black has
recovered a pawn, and now he has obvious pressure. The a7-pawn looks dangerous
but for the moment it is not going anywhere.} 31. Ra5 Qa8 (31... Rxf3 {
guaranteed a draw, however it wasn't easy to see, and Black is still pushing
for that win.} 32. Qxf3 Re2+ 33. Kh3 $2 (33. Kg1 Re1+ 34. Kf2 Rf1+ 35. Kxf1
Qxf3+ 36. Ke1 Qe3+ 37. Kd1 Qf3+ $11) 33... Qh6+ 34. Kg4 Qe6+ {and White will
get mated.}) 32. Nbd2 Rde3 $2 {But this is too much. It was imperative to take
the a7-pawn while he still could.} (32... Rd7 33. Nc4 Rxa7 34. Rxc5 Rae7 35.
Ra5 $11 {and Black has some ugly threats, but White should be ok.}) 33. Nc4 $1
{A wonderful and not so obvious move. It gives White a huge advantage. Kramnik
must have missed this.} R3e6 (33... Re2 $2 34. Nb6 Rxf2+ 35. Kxf2 {is a
fantastic position. Black has some annoying checks but nothing near a
perpetual, much less mate, and he loses by force.} Qe4 36. a8=Q Qc2+ 37. Kg1
Qd1+ 38. Kg2 Qe2+ 39. Kh1 $18 {and the checks have run out, as the N will
cover on g1.}) 34. Kg1 f6 (34... Rf6 {fails to} 35. Nce5 $1 Rxe5 (35... g6 36.
Ra1 c4 37. Qg2 {is also ugly.}) 36. Nxe5 Rxf2 37. Kxf2 g5 38. Nc4 $1 g4 39. Kg1
$1 {Black is lost.}) 35. Ncd2 {As opposed to so many different positions that
we reached in variations, the a-pawn here is alive and healthy, and a major
thorn in Black's position. Black is simply stuck defending against it and
meanwhile the Ns will roam freely.} c4 (35... Rc8 36. Qf1 $1 $16) 36. Nxc4 Qe4
37. Nd4 $1 $18 {White has no reason to be passive anymore. His Ns dominate the
board, and he has every single plus in the position. Black's position is
hopeless.} R6e7 38. Nd6 Qb1+ 39. Kg2 Ra8 40. Qf3 Raxa7 41. Qa8+ {A cute finish
to a solid game by Svidler. He bravely took material and defended in great
fashion. Black should have bailed out when he had a chance, but as they say,
hindsight is 20/20 vision.} 1-0

[Event "London Classic 3rd"]
[Site "London"]
[Date "2011.12.10"]
[Round "7"]
[White "Kramnik, Vladimir"]
[Black "Howell, David"]
[Result "1-0"]
[WhiteElo "2800"]
[BlackElo "2633"]
[Annotator "Saunders,J"]
[PlyCount "79"]
[EventDate "2011.12.03"]
[EventType "tourn"]
[EventRounds "9"]
[EventCountry "ENG"]
[EventCategory "20"]
[SourceTitle "CBM 146"]
[Source "ChessBase"]
[SourceDate "2012.01.18"]
[SourceVersion "1"]
[SourceVersionDate "2012.01.18"]
[SourceQuality "1"]

1. Nf3 d5 2. d4 Nf6 3. c4 dxc4 4. e3 e6 5. Bxc4 c5 6. O-O a6 7. Nc3 Nc6 8. a3
b5 9. Ba2 Bb7 10. Qe2 Qc7 11. Rd1 Rd8 12. d5 exd5 13. Nxd5 (13. Bxd5 {had been
played before. Kramnik considered it but felt he couldn't make it work.}) 13...
Nxd5 14. Bxd5 Be7 15. e4 O-O 16. g3 Na5 17. Bf4 Qc8 ({Perhaps} 17... Qb6 {
, defending the knight and the b-pawn, is a little safer.}) 18. a4 $1 {[diag]
Vlad was quite happy with his game here, once he had found this move, which
undermines Black's queenside. Commentator Daniel King thought the queenside
configuration had something in common with some positions in the Ruy Lopez
where a similar strategy is appropriate.} b4 ({After} 18... Nc4 19. Bxc4 bxc4
20. Qxc4 {, Vlad thought Black had some play but not enough for the pawn.}) 19.
Rac1 ({Now Vlad didn't like Black's position.} 19. Ne5 Bxd5 20. Rxd5 Nb3 21.
Rad1 Nd4 22. Qc4 Qe6 23. Be3 {was one of the lines Vlad looked out but it is
not so clear.}) 19... Bc6 $2 ({This might have been a mistake, Vlad thought.
He tried to make 19...Qb7 work but wasn't convinced. The computer suggestion} 
19... Rfe8 {doesn't look bad.}) 20. Bg5 $1 {Clever. White deflects the
dark-squared bishop, thus removing a defender from the c5 pawn.} Bxg5 21. Rxc5
$1 {A cunning intermezzo move, exploiting the looseness of all Black's
residual minor pieces. "Now it's basically over," said Vlad.} Bf6 ({Hikaru
tried to make} 21... Bb5 $5 {work, but} 22. Qc2 {is a good move and the
threats to the black minor pieces remain.}) 22. Rxa5 {By now Hikaru had lost
faith in the position too. White is already one pawn up and on the brink of
winning another. Black has no viable counterplay even though the a5 rook is
slightly offside.} Bxd5 23. Raxd5 Rxd5 24. Rxd5 Qc1+ 25. Kg2 Bxb2 (25... Qxb2
26. Qxa6 Bc3 27. a5 {is similar to the game.}) 26. Qxa6 Qc2 27. Rd2 Qb3 ({
Against} 27... b3 {, White has} 28. Qe2 Rc8 {and now} 29. Ne1 {resolves the
position on c2.}) 28. a5 Bc3 29. Rd5 Qc2 30. Qb7 $1 b3 (30... Qxe4 {allows
White to win the pawn race with} 31. a6 {and there is no way of exploiting
Black's pin on the long diagonal.}) 31. a6 b2 32. Rb5 Qa4 33. a7 h6 34. e5 ({
An uneasy stand-off has been reached. Not} 34. Qb8 $2 {when Black can reply}
Qxe4 {and White's advantage has dissipated.}) 34... Kh7 (34... Qa1 35. Qe7 b1=Q
36. Rxb1 Qxb1 37. Qxf8+ Kxf8 38. a8=Q+ {should win.}) 35. Rb3 Qa2 36. h4 {
Commentator Lawrence Trent was justly proud of predicting this squeezing plan.}
Kg8 37. h5 {Vlad called this 'making a box' for the black king. More of a
coffin, actually.} Qa5 38. Qb8 Qa2 39. Rxc3 $1 b1=Q 40. Rc8 $1 {[diag]} (40.
Rc8 Rxc8 (40... Qf1+ $1 {is clever but after} 41. Kxf1 Qa6+ 42. Kg2 Rxc8 43.
Nd4 {seems to win anyway.}) 41. Qxc8+ Kh7 42. a8=Q {and White's pair of queens
proves more potent than Black's.}) 1-0

[Event "Zuerich m"]
[Site "Zuerich"]
[Date "2012.04.22"]
[Round "2"]
[White "Aronian, Levon"]
[Black "Kramnik, Vladimir"]
[Result "1/2-1/2"]
[WhiteElo "2820"]
[BlackElo "2801"]
[Annotator "Kritz,L"]
[PlyCount "74"]
[EventDate "2012.04.21"]
[EventType "match"]
[EventRounds "6"]
[EventCountry "SUI"]
[SourceTitle "CBM 148"]
[Source "ChessBase"]
[SourceDate "2012.05.16"]
[SourceVersion "1"]
[SourceVersionDate "2012.05.16"]
[SourceQuality "1"]

1. e4 e5 2. Nf3 Nc6 3. Bb5 Nf6 {Die Berliner Verteidigung ist eine der
solidesten Eröffnungen in der heutigen Praxis. Beide Spieler, Aronian und
Kramnik, sind die größten Experten dieser Eröffnung.} 4. O-O {Die Alternative
4.d3 wurde in der 6. Partie des Matches gespielt.} (4. d3 Bc5 5. Nbd2 d6 6. c3
O-O 7. O-O Ne7 8. Re1 c6 9. Ba4 Ng6 10. h3 Re8 $11 {Aronian - Kramnik (Zuerich,
2012)}) 4... Nxe4 5. d4 Nd6 6. Bxc6 dxc6 7. dxe5 Nf5 8. Qxd8+ Kxd8 9. Nc3 Be6
$5 {Es gibt viele Wege für Schwarz. Kramnik selbst hat auch schon andere Züge
gespielt.} (9... Ke8 10. h3 Be7 11. Bg5 Bxg5 12. Nxg5 h6 13. Nge4 b6 14. Rfd1
Ke7 15. Kh2 h5 16. Ne2 Re8 17. Nf4 Kf8 $11 18. Nxh5 Rxe5 19. Nhg3 Be6 20. Rd2 {
1/2-1/2 Anand,V (2752)-Kramnik,V (2809)/Leon 2002/CBM 090}) (9... Ne7 10. h3
Ng6 11. Bg5+ Ke8 12. Rad1 Bd7 13. a3 h6 14. Be3 Be7 $11 {Leko - Kramnik 
(Dortmund, 2004)}) (9... Bd7 10. Rd1 Kc8 11. Ng5 Be8 12. b3 b6 13. Bb2 Be7 14.
Nge4 Kb7 15. Rd3 Rd8 16. Rad1 Rxd3 17. Rxd3 h5 $11 {Leko - Kramnik (Budapest,
2001)}) (9... h6 10. Rd1+ Ke8 11. h3 a5 12. Bf4 Be6 13. g4 Ne7 14. Nd4 Nd5 15.
Nce2 Bc5 16. Nxe6 fxe6 17. c4 Nb6 18. b3 a4 $132 {Kasparov - Kramnik (London,
2000)}) 10. Rd1+ (10. Ng5 {Es sieht so aus, als ob sich Weiß eine günstige
Bauernstruktur sichert, jedoch...} Ke7 $3 {Dieser Zug sieht verrückt aus, ist
aber sehr stark.} (10... Bc4 11. Rd1+ Ke8 12. b3 Bb4 {Gezwungen.} (12... Ba6
13. e6 $1 fxe6 (13... f6 14. Nf7 Rg8 15. Rd7 Be7 16. Bf4 $18) 14. Bb2 Bd6 15.
Nce4 Ke7 16. g4 h6 17. gxf5 hxg5 18. f6+ $1 $16) 13. bxc4 (13. Bb2 Bxc3 14.
Bxc3 Bd5 $11) 13... Bxc3 14. Rb1 b6 15. g4 Nh4 16. f4 $14) 11. Rd1 (11. b3 h6
12. Ba3+ Kd7 13. Rad1+ Kc8 14. Nxe6 (14. Bxf8 hxg5 15. Ba3 a5 16. Bc1 g4 17. a3
c5 18. Ne4 b6 19. Ng5 Kb7 $11 {Holmsten - Rausis (Jyvaskyla, 1997)}) 14... Bxa3
15. Nf4 Bb2 16. Rd3 Re8 $11 {Aseev - Aleksandrov (Kstovo, 1994)}) 11... h6 12.
Nge4 (12. Nf3 Ke8 $11) (12. Nxe6 Kxe6 13. g4 Nh4 14. f4 h5 15. h3 hxg4 16. hxg4
f5 17. exf6 gxf6 18. f5+ Kf7 19. Ne4 Re8 20. Rd7+ Re7 21. Rxe7+ Bxe7 22. Kf1
Rg8 23. Nf2 Bc5 $15 {Kovalev - Hovhannisyan (Chennai, 2011)}) 12... Rd8 13. Bf4
b6 14. h3 g6 15. g4 Nd4 16. Bg3 g5 $132 {Shirov - Nakamura (Moscow, 2010)})
10... Ke8 11. Ng5 Bc8 $5 {Kramnik will den Läufer nicht tauschen lassen. Der
Rückzug des Läufers ist nicht so schlecht, weil der Springer sowieso auf g5
nichts zu suchen hat. Schwarz will Be7 und h6 spielen, und der Springer wird
zurück gehen müssen. Danach kann der Läufer zurückkehren, wenn er will.} 12. h3
(12. Ne2 a5 13. a4 b6 14. b3 c5 15. Bb2 Be7 $11 {Topalov - Ivanchuk (Wijk aan
Zee, 2012)}) 12... Be7 13. Bf4 {Ein neuer Zug, aber keine neue Idee. Weiß will
es mit e5-e6 versuchen - das klappt ein Mal von einer Million.} Nh4 {Noch ein
Zug und Schwarz wird Ng6-h6-Be6 spielen und alle weißen Figuren werden
zurückgedrängt.} 14. e6 $5 {Es bleibt sonst nichts übrig.} f6 $5 {
Überraschender Weise ist das Nehmen auf e6 mit dem Bauern ebenfalls gut.} (
14... Bxe6 {Hier hat Schwarz auch keine zu großen Sorgen.} 15. Nxe6 fxe6 16.
Bxc7 Rc8 17. Be5 Bf6 $14 {Man kann sagen, dass Weiß etwas besser steht, aber
das ist natürlich eher symbolisch.}) (14... fxe6 {Der Bauer c7 ist tabu wegen
dem Springer g5.} 15. Nge4 e5 $1 {Das ist ein kleiner Trick.} (15... Bd8 $4 16.
Rxd8+ Kxd8 17. Bg5+ $18) 16. Bxe5 Bxh3 $1 17. Bg3 (17. gxh3 Nf3+ 18. Kg2 Nxe5
19. Re1 Kf7 $17) 17... Bg4 18. f3 Be6 19. Bxc7 Kf7 20. Nd6+ Bxd6 21. Bxd6 Nf5
22. Bc5 b6 23. Bf2 Rad8 $11 {Weiß kann auf keinen Vorteil hoffen.}) 15. Nf7 Rg8
$1 {Hier musste Schwarz aufpassen.} (15... Rf8 $6 16. Bxc7 Bxe6 17. Nd6+ Bxd6
18. Bxd6 $14 {und Schwarz muss den Turm nach g8 stellen.} Rf7 $4 19. Re1 Kd7
20. Rad1 $18) 16. Bxc7 (16. Re1 $2 {Das verteidigt den Bauern ja gar nicht:}
Bxe6 $1 17. Rxe6 Kxf7 18. Rae1 Ng6 19. Bxc7 Ne5 {und Schwarz steht auf Gewinn.}
) 16... Bxe6 17. Nd6+ Bxd6 18. Bxd6 (18. Rxd6 Kf7 $11 {Im nächsten Zug folgt ..
.Nf5.}) 18... Kf7 {Die Stellung ist absolut Remis, es ist fraglich, warum die
beiden weitergespielt haben, wahrscheinlich wegen der Regeln.} 19. f3 Nf5 20.
Bc5 b6 21. Bf2 Rgd8 {Schwarz will einfach Rxd1-Ke7-Rd8 spielen.} 22. a4 $1 {
Die einzige Chance zumindest mal einen Ansatz auf Initiative zu bekommen.} Ne7
23. a5 c5 {Schwarz eliminiert die Wirkung des weißen Läufers. Eine
interessante Alternative war 23...Rxd1-bxa5} (23... Rxd1+ 24. Rxd1 bxa5 $5 25.
Ra1 Bf5 $1 26. Rxa5 (26. Ne4 Bxe4 27. fxe4 Rb8 28. b3 Rb5 29. Bxa7 c5 30. Ra3
c4 31. bxc4 Rb1+ 32. Kh2 Nc6 33. Bc5 Re1 $132) 26... Bxc2 $11 27. Rxa7 Rxa7 28.
Bxa7 $11) 24. Nb5 {Die einzige Chance.} (24. Na4 Rxd1+ 25. Rxd1 Rb8 26. Rd6 Nc8
27. Rc6 Rb7 $11) 24... Nc6 25. Rxd8 Rxd8 26. axb6 {Nun wird alles abgetauscht.}
(26. Nxa7 $5 {Interessant, aber auch riskant.} Nxa7 27. axb6 Nc6 28. Bxc5 Bf5
29. c4 Ke6 $1 $11 {Nachdem der König sich den Bauern nähert, kann Weiß in
Schwierigkeiten kommen.}) 26... axb6 27. Ra6 Rd1+ 28. Kh2 Rd2 29. Rxb6 Rxc2 $1
{Schwarz muss das letzte Mal aufpassen, um nicht in eine Falle reinzufallen.} (
29... Rxf2 $2 30. Rxc6 Rxc2 31. Rc7+ $1 (31. Nd4 $2 Bd7 32. Rc7 Rxb2 33. Rxd7+
Ke8 34. Rd5 cxd4 35. Rxd4 $11) 31... Kg6 32. Nd4 $18) 30. Nd6+ (30. Rxc6 Rxf2
31. Rxc5 Rxb2 $11) 30... Ke7 31. Ne4 Nd4 32. Rb7+ Kf8 33. Rc7 (33. Bg3 $4 {
Der Versuch aktiv zu werden endet nicht gut:} Nxf3+ 34. Kh1 Rc1+ $19) 33...
Rxb2 {Es bleiben keine Figuren zum Spielen auf dem Brett.} 34. Rxc5 Nf5 35. Ng3
Rxf2 36. Nxf5 Bxf5 37. Rxf5 Ra2 {Das logische Ergebnis.} 1/2-1/2

[Event "Moscow Tal Memorial 7th Blitz"]
[Site "Moscow"]
[Date "2012.06.07"]
[Round "2"]
[White "Tomashevsky, Evgeny"]
[Black "Kramnik, Vladimir"]
[Result "1-0"]
[WhiteElo "2738"]
[BlackElo "2801"]
[PlyCount "95"]
[EventDate "2012.06.07"]
[EventType "tourn (blitz)"]
[EventRounds "9"]
[EventCountry "RUS"]
[EventCategory "22"]
[SourceTitle "CBM 148 Extra"]
[Source "ChessBase"]
[SourceDate "2012.06.22"]
[SourceVersion "1"]
[SourceVersionDate "2012.06.22"]
[SourceQuality "1"]

{Missing moves added. Part 1: https://www.youtube.com/watch?v=U-0ufUJaTDo Part
2: https://www.youtube.com/watch?v=NlGDG1yK6KM} 1. c4 Nf6 2. Nc3 e5 3. Nf3 Nc6
4. g3 d5 5. cxd5 Nxd5 6. Bg2 Nb6 7. O-O Be7 8. d3 O-O 9. Be3 Be6 10. Rc1 Nd5
11. Nxd5 Bxd5 12. Qa4 Re8 13. a3 a6 14. Rfe1 Bf8 15. Ng5 h6 16. Bxd5 Qxd5 17.
Qe4 Qxe4 18. Nxe4 Rac8 19. Bc5 f5 20. Nd2 Bxc5 21. Rxc5 Nd4 22. e3 b6 23. Rc4
Ne6 24. Nf3 Nc5 25. d4 Nd3 26. Re2 e4 27. Ne1 c5 28. Nxd3 exd3 29. Rd2 cxd4 30.
Rxd4 Rc2 31. R4xd3 Rec8 32. Kg2 Kh7 33. b4 Rxd2 34. Rxd2 Rc3 35. Rd6 Rxa3 36.
Rxb6 Ra2 37. h4 g5 38. h5 Rb2 39. Rf6 f4 40. gxf4 Rxb4 41. fxg5 hxg5 42. Rxa6
Rh4 43. h6 Rb4 44. Kg3 Rc4 45. f3 Rc1 46. Kg4 Rc5 47. e4 Rb5 48. Kh5 1-0

[Event "Moscow Tal Memorial 7th Blitz"]
[Site "Moscow"]
[Date "2012.06.07"]
[Round "4"]
[White "Aronian, Levon"]
[Black "Kramnik, Vladimir"]
[Result "1-0"]
[WhiteElo "2825"]
[BlackElo "2801"]
[PlyCount "103"]
[EventDate "2012.06.07"]
[EventType "tourn (blitz)"]
[EventRounds "9"]
[EventCountry "RUS"]
[EventCategory "22"]
[SourceTitle "CBM 148 Extra"]
[Source "ChessBase"]
[SourceDate "2012.06.22"]
[SourceVersion "1"]
[SourceVersionDate "2012.06.22"]
[SourceQuality "1"]

{Missing moves added. https://www.youtube.com/watch?v=6kLWc7D_Wgw https://www.
youtube.com/watch?v=rLbRz1WoP0Q} 1. e4 e5 2. Nf3 Nc6 3. Bc4 Bc5 4. c3 Nf6 5. b4
Bb6 6. d3 d6 7. a4 a5 8. b5 Ne7 9. Nbd2 O-O 10. O-O Ng6 11. Ba2 h6 12. Nc4 Ba7
13. h3 Be6 14. Kh2 Bb8 15. Ne3 d5 16. Qc2 c6 17. c4 d4 18. Nd1 c5 19. g3 Nh7
20. Ng1 f5 21. exf5 Bxf5 22. Qe2 Nf6 23. Bb1 Re8 24. Qf3 Qd7 25. Re1 e4 26.
dxe4 Be6 27. Nb2 Ne5 28. Qg2 Nxc4 29. Nxc4 Bxc4 30. f4 d3 31. e5 Nd5 32. Qe4
Nb6 33. Be3 Qd5 34. Qxd5+ Nxd5 35. Bxc5 Nc3 36. Rc1 d2 37. Rxc3 d1=Q 38. Bh7+
Kxh7 39. Rxd1 Be6 40. Bb6 Ba7 41. Bxa7 Rxa7 42. Rc7 Raa8 43. Rd6 Bb3 44. Ne2
Bxa4 45. Nd4 Rac8 46. Rxb7 Red8 47. h4 Bd1 48. Ra7 a4 49. b6 Ra8 50. Rxd8 Rxd8
51. b7 Bg4 52. Ra8 1-0

[Event "Moscow Tal Memorial 7th Blitz"]
[Site "Moscow"]
[Date "2012.06.07"]
[Round "9"]
[White "Morozevich, Alexander"]
[Black "Kramnik, Vladimir"]
[Result "1-0"]
[WhiteElo "2769"]
[BlackElo "2801"]
[PlyCount "87"]
[EventDate "2012.06.07"]
[EventType "tourn (blitz)"]
[EventRounds "9"]
[EventCountry "RUS"]
[EventCategory "22"]
[SourceTitle "CBM 148 Extra"]
[Source "ChessBase"]
[SourceDate "2012.06.22"]
[SourceVersion "1"]
[SourceVersionDate "2012.06.22"]
[SourceQuality "1"]

{Missing moves added. https://www.youtube.com/watch?v=EDBwmivvbVo} 1. Nf3 Nf6
2. g3 b6 3. Bg2 Bb7 4. O-O c5 5. d3 g6 6. e4 Bg7 7. Nh4 Qc8 8. f4 O-O 9. Nc3
Nc6 10. g4 d6 11. g5 Nd7 12. Nd5 e6 13. Ne3 Ne7 14. f5 exf5 15. exf5 Bxg2 16.
Kxg2 f6 17. fxg6 hxg6 18. Qg4 Qc6+ 19. Kg1 f5 20. Qh3 Rae8 21. Neg2 c4 22. Nf4
Bd4+ 23. Be3 Bxe3+ 24. Qxe3 Ne5 25. d4 Ng4 26. Qf3 Qxf3 27. Rxf3 Nc6 28. c3 Re4
29. Nfxg6 Rfe8 30. Nxf5 Kh7 31. Nf4 Rf8 32. g6+ Kg8 33. Nd5 Nf6 34. Nfe7+ Rxe7
35. Nxf6+ Kg7 36. Nh5+ Kg8 37. Rxf8+ Kxf8 38. Rf1+ Kg8 39. Rf6 Rd7 40. Re6 Rd8
41. h4 Kf8 42. Kf2 Ne7 43. Kf3 d5 44. Kf4 1-0